000 00642nam a2200181 a 4500
001 000035243
005 20200930074212.0
008 111026s1966 mx 000 0 spa d
040 _aDO-SdBNP
_bspa
_cBNPHU
082 _axxx
_bK83
100 1 _aKopnin, P. V
_q(Pavel Vasilʹevich)
_961003
240 1 0 _aDialektika kak logika
_lespañol
245 1 0 _aLógica dialéctica /
_cP. V. Kopnin ; versión al español Lydia Kuper de Velasco.
260 _aMéxico :
_bGrijalbo,
_c1966.
300 _a562 p. ;
_c22 cm.
590 _aPerteneció a la biblioteca personal de Juan Isidro Jimenes Grullón.
700 1 _aKuper de Velasco, Lydia,
_etr.
_960607
999 _c34734
_d34734